[Event "21st Troya Open 2013"]
[Site "Canakkale TUR"]
[Date "2013.08.18"]
[Round "3.9"]
[White "Grigoriev,A"]
[Black "Severcan,Sedat Sabri"]
[Result "1-0"]
[WhiteElo "2216"]
[BlackElo "1941"]

1.Nf3 Nf6 2.c4 c5 3.Nc3 g6 4.d4 cxd4 5.Nxd4 Bg7 6.Nc2 O-O 7.g3 d6 8.Bg2 Nc6
9.O-O Ne5 10.b3 Rb8 11.h3 Be6 12.Bb2 Qc8 13.Kh2 h5 14.Nd4 Bd7 15.Rc1 Nc6
16.Nf3 Bh6 17.e3 Qd8 18.Nd5 Ne8 19.Qd2 e6 20.Nf4 Bg7 21.Bxg7 Kxg7 22.Rfd1 Qf6
23.h4 Ne5 24.Ng5 Bc6 25.e4 Rd8 26.Qa5 Ng4+ 27.Kg1 Ra8 28.Rc2 b6 29.Qb4 Rd8
30.Qe1 e5 31.Nd5 Bxd5 32.cxd5 Qe7 33.Rdc1 Rd7 34.Rc6 Nc7 35.Bh3 Nb5 36.f3 Nf6
37.Bxd7 Nxd7 38.Qe3 Nb8 39.R6c4 Na6 40.b4 Nd4 41.Rxd4 exd4 42.Qxd4+ Kg8 43.Qc4 Nb8
44.a3 Nd7 45.f4 Nf6 46.Qc7 Re8 47.Qxe7 Rxe7 48.Rc4 b5 49.Rd4 Rc7 50.e5 Rc1+
51.Kg2 Rc2+ 52.Kf1 dxe5 53.fxe5 Ng4 54.d6 Rc1+ 55.Ke2 Rc2+ 56.Kd3 Rc8 57.Ke4 Rd8
58.Kf4 f6 59.exf6 Nxf6 60.Ke5 Nd7+ 61.Ke6 Nf8+ 62.Kd5 Rc8 63.Re4 Rc1 64.Re8 Kg7
65.Re7+ Kg8 66.Ne4  1-0

[Event "9th BDO Premier"]
[Site "Haarlem NED"]
[Date "2013.08.18"]
[Round "2.2"]
[White "Svane,R"]
[Black "Bok,B"]
[Result "1-0"]
[WhiteElo "2425"]
[BlackElo "2527"]

1.Nf3 Nf6 2.c4 c5 3.Nc3 d5 4.cxd5 Nxd5 5.g3 Nc6 6.Bg2 Nc7 7.O-O e5 8.a3 Rb8
9.d3 Be7 10.Nd2 Bd7 11.Nc4 b5 12.Bxc6 Bxc6 13.Nxe5 Ba8 14.e4 O-O 15.a4 Bd6
16.Nf3 b4 17.Nb5 Nxb5 18.axb5 Rxb5 19.b3 Rb7 20.Bb2 Rd7 21.Qc2 f5 22.Qc4+ Kh8
23.Nh4 fxe4 24.dxe4 Be7 25.Nf5 Bf6 26.e5 Bxe5 27.Bxe5 Rxf5 28.Qxc5 Rff7 29.Qxb4 Rd5
30.Qb8 Qxb8 31.Bxb8 Rdd7 32.Rfe1 h6 33.Bxa7 Bd5 34.Be3 Bxb3 35.h3 Kh7 36.Kh2 Bd5
37.Red1 Be4 38.Rxd7 Rxd7 39.Ra4 Bc6 40.Rc4 Bd5 41.Rd4 Bc6 42.Rc4 Bd5 43.Rc5 h5
44.g4 hxg4 45.hxg4 Kg8 46.Kg3 Kf7 47.Kh4 Be6 48.Rb5 Rd5 49.Rb7+ Rd7 50.Rb6 Rd3
51.Ra6 Rd5 52.Ra4 Rd7 53.Bd4 Rd5 54.Rb4 g6 55.Be3 Rd7 56.Rf4+ Ke8 57.Kg5 Bf7
58.Kf6 Rd6+ 59.Kg7 Bb3 60.Re4+ Kd7 61.Bg5 Bc2 62.Re7+ Kc6 63.Re3 Kd5 64.Bf6 Rd7+
65.Kh6 Rf7 66.Kg5 Rb7 67.Re8 Rb3 68.Rc8 Bb1 69.Rc1 Be4 70.Ra1 Rf3 71.Ra5+ Kc6
72.Ra2 Kd5 73.Ra4 Bc2 74.Rd4+ Ke6 75.Rd2 Be4 76.Bb2 Rd3 77.Re2 Kd5 78.Bg7 Rf3
79.Ra2 Rb3 80.Ra5+ Kc6 81.Ra4 Bd3 82.f4 Bb1 83.Be5 Re3 84.Rb4 Re1 85.Rxb1 Rxb1
86.Kxg6 Kd5 87.Kf5 Rb7 88.g5 Rf7+ 89.Bf6 Rf8 90.g6 Kd6 91.g7 Ra8 92.Kg6 Ke6
93.f5+ Kd5 94.Be7 Ke5 95.f6 Ke6 96.Bf8  1-0

[Event "3rd Isthmia Open"]
[Site "Vrachati GRE"]
[Date "2013.08.19"]
[Round "3.2"]
[White "Banikas,H"]
[Black "Moutousis,K"]
[Result "1-0"]
[WhiteElo "2618"]
[BlackElo "2400"]

1.Nf3 Nf6 2.c4 c5 3.Nc3 b6 4.g3 Bb7 5.Bg2 e6 6.O-O Be7 7.d4 cxd4 8.Qxd4 d6
9.Bg5 a6 10.Bxf6 Bxf6 11.Qd3 Ra7 12.Rfd1 Be7 13.Ne4 Bxe4 14.Qxe4 O-O 15.Nd4 Qc8
16.b3 Rc7 17.a4 Rd8 18.Bh3 Qb7 19.Qxb7 Rxb7 20.Bg2 Rc7 21.a5 bxa5 22.Rxa5 g6
23.e3 Rdd7 24.Ra2 Bd8 25.Nc2 Ra7 26.Nb4 Bb6 27.Nc2 Kf8 28.Rda1 Ke7 29.b4 Rdc7
30.Bf1 Rd7 31.Ra4 Rdc7 32.R1a2 Rd7 33.Be2 Rdc7 34.Kf1 Rd7 35.Ke1 Rdc7 36.Kd2 Rd7
37.Na1 Rdc7 38.Nb3 Kf6 39.Rc2 Nd7 40.Rca2 Nb8 41.Rc2 Nd7 42.f4 Ke7 43.Bf3 f5
44.Ra1 e5 45.Be2 e4 46.Rca2 Nb8 47.Ra4 h5 48.Nc1 Rab7 49.Na2 Kf8 50.Nc3 Rg7
51.Nd5 Bd8 52.h3 a5 53.bxa5 Rb2+ 54.Kd1 Na6 55.R4a2 Rxa2 56.Rxa2 Ra7 57.g4 hxg4
58.hxg4 Nc5 59.gxf5 gxf5 60.Bh5 Rxa5 61.Rxa5 Bxa5 62.Bg6 Na4 63.Bxf5 Nc3+
64.Nxc3 Bxc3 65.Bxe4 Bb4 66.Bc2 Ke7 67.Ke2 Kf6 68.Kf3 Ba3 69.Ba4 Bc5 70.Ke4 Ke7
71.Bc2 Ba7 72.Bd1 Bb6 73.Bg4 Ba7 74.Kd3 Bc5 75.e4 Ba3 76.e5 dxe5 77.f5 Kf6
78.Ke4 Bd6 79.Be2 Ke7 80.Kd5 Bb8 81.Bd3 e4 82.Bxe4 Ba7 83.c5 Bb8 84.Kc6 Be5
85.Kb7 Kd8 86.c6  1-0

[Event "12th Lichtenberger Sommer"]
[Site "Berlin GER"]
[Date "2013.08.20"]
[Round "4.21"]
[White "Sieglen,J"]
[Black "Kather,Yannick"]
[Result "1-0"]
[WhiteElo "2270"]
[BlackElo "1943"]

1.c4 Nf6 2.Nc3 g6 3.Nf3 c5 4.g3 Nc6 5.Bg2 Bg7 6.O-O O-O 7.d4 cxd4 8.Nxd4 Nxd4
9.Qxd4 d6 10.Qd3 Nd7 11.b3 Rb8 12.Be3 a6 13.Rac1 b5 14.cxb5 axb5 15.Ba7 b4
16.Bxb8 Bxc3 17.Ba7 Qa5 18.Bd4 Ba6 19.Qe3 Bxd4 20.Qxd4 Bxe2 21.Rfe1 Qxa2
22.Qxb4 Nc5 23.Qc3 Bb5 24.b4 Nd3 25.Rc2 Qa4 26.Ra1 Qxb4 27.Qxb4 Nxb4 28.Rb2  1-0

[Event "Brasschaat Open 2013"]
[Site "Brasschaat BEL"]
[Date "2013.08.21"]
[Round "5.5"]
[White "Izsak,Gyu"]
[Black "Kasparova,T"]
[Result "1/2-1/2"]
[WhiteElo "2452"]
[BlackElo "2145"]

1.Nf3 Nf6 2.c4 c5 3.Nc3 b6 4.e4 d6 5.d4 cxd4 6.Nxd4 Bb7 7.f3 e6 8.Be3 Nbd7
9.Be2 a6 10.Qd2 Be7 11.Rc1 O-O 12.O-O Rc8 13.Rfd1 Qc7 14.a3 Qb8 15.b4 Rfe8
16.Nb3 Bd8 17.Bf4 Ne5 18.Bxe5 dxe5 19.c5 bxc5 20.Nxc5 a5 21.Nb5 axb4 22.axb4 Bb6
23.Qd6 Bc6 24.Qxb8 Rxb8 25.Nd6 Red8 26.Kf1 Bxc5 27.bxc5 Nd7 28.Ke1 Kf8 29.Rd2 Ke7
30.Nc4 Rdc8 31.Na5 Rc7 32.Rc3 Rb4 33.Ra2 Bb5 34.c6 Bxe2 35.Kxe2 Nb8 36.Rc5 f6
37.Rd2 Rb6 38.Rdc2 Na6 39.R5c4 Rb5 40.Nb7 Nb8 41.Kf2 Rxc6 42.Rxc6 Nxc6 43.Rxc6 Rxb7
44.g4 Kf7 45.Rc5 Kg6 46.Kg3 Ra7  1/2-1/2

[Event "3rd Budapest Open"]
[Site "Budapest HUN"]
[Date "2013.08.21"]
[Round "5.8"]
[White "Toth,Sar"]
[Black "Juhasz,Mar"]
[Result "1-0"]
[WhiteElo "2138"]
[BlackElo "2154"]

1.Nf3 Nf6 2.c4 c5 3.Nc3 e6 4.g3 Nc6 5.Bg2 d5 6.cxd5 exd5 7.d4 Be7 8.O-O O-O
9.dxc5 Bxc5 10.Bg5 d4 11.Ne4 Be7 12.Nxf6+ Bxf6 13.Bxf6 Qxf6 14.Qd2 Bg4 15.h3 Bf5
16.Qf4 Rfe8 17.g4 Be4 18.Qxf6 gxf6 19.Rfd1 Rad8 20.Rd2 f5 21.Rad1 fxg4 22.hxg4 Kg7
23.Nh4 Kf6 24.Bxe4 Rxe4 25.f3 Ree8 26.Kf2 h5 27.Rg1 Kg5 28.gxh5+ Kxh4 29.Rg4+  1-0

[Event "3rd Budapest Open"]
[Site "Budapest HUN"]
[Date "2013.08.23"]
[Round "7.6"]
[White "Ritter,G"]
[Black "Szalanczy,E"]
[Result "0-1"]
[WhiteElo "2108"]
[BlackElo "2285"]

1.Nf3 c5 2.c4 Nf6 3.Nc3 g6 4.g3 Bg7 5.Bg2 Nc6 6.O-O O-O 7.d4 cxd4 8.Nxd4 Ng4
9.e3 d6 10.b3 Nxd4 11.exd4 Rb8 12.Re1 Re8 13.Nd5 e6 14.Ne3 Nxe3 15.Bxe3 Qa5
16.a3 Bd7 17.b4 Qf5 18.Rc1 Red8 19.Qc2 Qxc2 20.Rxc2 Ba4 21.Rcc1 b6 22.Bf3 Rbc8
23.Bd1 Bc6 24.f3 Bb7 25.Kf2 Rc7 26.Bb3 Rdc8 27.Rcd1 Bf6 28.Bf4 Rd7 29.Be3 Kg7
30.Rd2 h6 31.Red1 Rdc7 32.c5 bxc5 33.dxc5 dxc5 34.Bxc5 Bc6 35.Bd4 Bb5 36.Bc5 g5
37.h3 h5 38.Bc2 Be5 39.Bb3 Kf6 40.Kg2 Bc6 41.Kf2 h4 42.gxh4 gxh4 43.Bd4 Bb5
44.Bxe5+ Kxe5 45.Re1+ Kf6 46.a4 Bc4 47.Bd1 Bd5 48.Be2 Rc3 49.Rd4 Ra3 50.a5 Rc2
51.Rxh4 Rxf3+ 52.Kg1 Rg3+ 53.Kf2 Rb3 54.Kf1 Ra2 55.Rf4+ Ke7 56.h4 Rh3 57.h5 f5
58.a6 Kf6 59.b5 Rb2 60.Rd4 Rh1+ 61.Kf2 Rxh5 62.Rdd1 Rh2+ 63.Ke3 Rh4 64.Rb1 Re4+  0-1

[Event "XXX Collado Villalba Open 2013"]
[Site "Collado Villalba ESP"]
[Date "2013.08.23"]
[Round "1.5"]
[White "Sanchez Gonzalez,S"]
[Black "Saez Gabikagogeaskoa,O"]
[Result "1-0"]
[WhiteElo "2319"]
[BlackElo "1995"]

1.Nf3 c5 2.c4 Nf6 3.Nc3 d5 4.cxd5 Nxd5 5.e4 Nb4 6.d4 cxd4 7.Nb5 d3 8.Bf4 e5
9.Bxe5 Nc2+ 10.Kd2 Bb4+ 11.Kc1 O-O 12.Rb1 Nc6 13.Qxd3 Qe7 14.Bf4 Be6 15.Qxc2 Bxa2
16.Ra1 Be6 17.Bg5 f6 18.Be3 Na5 19.Nfd4 Rac8 20.Nc3 Bf7 21.Be2 a6 22.Rd1 g6
23.Kd2 Qc7 24.f4 b5 25.Ke1 Bd6 26.Qd2 Nc4 27.Bxc4 Bxc4 28.Ndxb5 axb5 29.Qxd6  1-0

[Event "24th Porto San Giorgio Open"]
[Site "Porto San Giorgio ITA"]
[Date "2013.08.23"]
[Round "3.8"]
[White "Stella,A"]
[Black "Pescatore,L"]
[Result "1-0"]
[WhiteElo "2447"]
[BlackElo "2210"]

1.Nf3 c5 2.c4 Nf6 3.Nc3 g6 4.g3 b6 5.Bg2 Bb7 6.O-O Bg7 7.d4 cxd4 8.Qxd4 O-O
9.Qh4 d6 10.Bh6 Nbd7 11.Rac1 Rc8 12.b3 Nc5 13.Bh3 Ra8 14.Ng5 Nh5 15.Bxg7 Kxg7
16.b4 Nd7 17.Nd5 Nhf6 18.Rfd1 h6 19.Nf3 e6 20.Nxf6 Nxf6 21.c5 g5 22.Nxg5 hxg5
23.Qxg5+ Kh8 24.c6 Ba6 25.b5 Bc8 26.Rxd6 Qxd6 27.Qxf6+ Kg8 28.Qg5+ Kh8 29.Qh6+ Kg8
30.Bf5 Rd8 31.Bh7+  1-0

[Event "24th Porto San Giorgio Open"]
[Site "Porto San Giorgio ITA"]
[Date "2013.08.25"]
[Round "5.10"]
[White "Bruno,Fabi"]
[Black "Pienabarca,N"]
[Result "1-0"]
[WhiteElo "2421"]
[BlackElo "2129"]

1.Nf3 Nf6 2.c4 c5 3.Nc3 d5 4.cxd5 Nxd5 5.g3 Nc6 6.Bg2 Nc7 7.d3 e5 8.Nd2 Bd7
9.Nc4 Be7 10.O-O f6 11.f4 b5 12.Ne3 Rb8 13.a4 a6 14.axb5 axb5 15.fxe5 Nxe5
16.Nf5 O-O 17.Nxe7+ Qxe7 18.Ra7 Qd6 19.Be3 Qb6 20.Qa1 Nc6 21.Rxc7 Qxc7 22.Bxc5 Rfe8
23.d4 f5 24.b4 Qd8 25.Qc1 Qf6 26.Nd5 Qe6 27.e4 fxe4 28.Nc7 Qg6 29.Nxe8 Rxe8
30.Qf4 h6 31.Re1 e3 32.d5 Ne5 33.Rxe3 Nd3 34.Rxe8+ Qxe8 35.Qe4 Ne5 36.Bd4 Nf7
37.Qxe8+ Bxe8 38.Bh3 Ng5 39.Bg2 Bd7 40.Kf2 Kf7 41.h4 Nh7 42.Ke3 g5 43.Be4 Nf8
44.hxg5 hxg5 45.Bc5 Ng6 46.Kd4 Kf6 47.Bd6 Be8 48.Bd3  1-0

[Event "e2e4 Coventry Open"]
[Site "Coventry ENG"]
[Date "2013.08.26"]
[Round "6"]
[White "Kennedy,C"]
[Black "Savage,Nicholas W"]
[Result "0-1"]
[WhiteElo "1946"]
[BlackElo "1980"]

1.Nf3 Nf6 2.c4 c5 3.Nc3 d5 4.cxd5 Nxd5 5.g3 Nc6 6.Bg2 Nc7 7.O-O e5 8.d3 Be7
9.Nd2 Bd7 10.Nc4 O-O 11.a4 b6 12.Bxc6 Bxc6 13.Nxe5 Bb7 14.e4 Ne6 15.Be3 Bf6
16.Ng4 Bd4 17.Bxd4 cxd4 18.Ne2 Qg5 19.h3 Kh8 20.f4 Qh5 21.Kh2 f5 22.exf5 Qxf5
23.Ne5 h5 24.Ng1 Rf6 25.g4 hxg4 26.hxg4 Qh7+ 27.Kg3 Nxf4 28.Rxf4 Rxf4 29.Kxf4 Qh2+
30.Kg5 Qh6+  0-1

[Event "11th Kesan Open"]
[Site "Edirne TUR"]
[Date "2013.08.28"]
[Round "3.5"]
[White "Bagaturov,G"]
[Black "Tutisani,Noe"]
[Result "1/2-1/2"]
[WhiteElo "2413"]
[BlackElo "2029"]

1.Nf3 Nf6 2.c4 c5 3.Nc3 b6 4.g3 Bb7 5.Bg2 e6 6.O-O Be7 7.d4 cxd4 8.Qxd4 d6
9.Rd1 a6 10.b3 Nbd7 11.e4 Qb8 12.Qe3 O-O 13.Nd4 Re8 14.Bb2 Bf8 15.h3 d5 16.cxd5 exd5
17.Nf5 h6 18.Na4 Nxe4 19.Qd4 f6 20.Rac1 Qd8 21.b4 a5 22.Nc3 Nxc3 23.Bxc3 Ne5
24.bxa5 bxa5 25.Rb1 Bc6 26.Qb6 Bb4 27.Qxd8 Raxd8 28.Bxb4 axb4 29.Rxb4 Ba8
30.Rbd4 Rd7 31.Ne3 Kf8 32.Nxd5 Ra7 33.f4 Nf7 34.R1d2 Re1+ 35.Kf2 Ra1 36.Rb4 g5
37.Nc3 Bxg2 38.Kxg2 gxf4 39.gxf4 Kg7 40.Ra4 Rxa4 41.Nxa4 Kg6 42.Nc3 Kf5 43.Ne2 Ke4
44.Kf2 h5 45.Rd4+ Kf5 46.Rd5+ Ke4 47.Rd4+ Kf5 48.Ra4 Nd6 49.Ng3+ Kg6 50.Ra6 h4
51.Ne2 Nc4 52.Rc6 Nb2 53.Ra6 Nd3+ 54.Kf3 Rf1+ 55.Ke3 Nf2 56.Kf3 Nxh3+ 57.Kg2 Rf2+
58.Kxh3 Rxe2 59.Kxh4 Kf5 60.Ra4 Rg2 61.Kh3 Rg8 62.Rb4 Ke6 63.Rd4 Kf5 64.a4 Rg1
65.Kh2 Rc1 66.Kg3 Rc3+ 67.Kf2 Kg4 68.Ke2 f5 69.Kd2 Rc5 70.Kd3 Kf3 71.Rb4 Ra5
72.Kc3 Ke3 73.Rc4 Ra8 74.Kb4 Kd3 75.Kb3 Ke3 76.Kc3 Ra7 77.Kb2 Ra6 78.Ka3 Ra8
79.Rb4 Ra7 80.Kb2 Kd3 81.Kb3 Ke3 82.Rc4 Ra8 83.Ka3 Kd3 84.Rc1 Ke3 85.Rf1 Ke2
86.Rb1 Ke3 87.Rb4 Kd3 88.Kb3 Ke3 89.Kc3 Rc8+ 90.Rc4 Ra8 91.Kb4 Kd3 92.Kb3 Rb8+
93.Rb4 Ra8 94.Ka3 Ke3 95.Kb2 Kd3 96.Kb3 Ke3 97.Kc2 Rc8+ 98.Kd1 Rc5 99.Rb5 Ke4  1/2-1/2

[Event "88th ch-ARG Superior 2013"]
[Site "Resistance/Saenz Pena ARG"]
[Date "2013.08.30"]
[Round "6.5"]
[White "Mareco,S"]
[Black "Flores,Di"]
[Result "1/2-1/2"]
[WhiteElo "2561"]
[BlackElo "2578"]

1.Nf3 Nf6 2.c4 c5 3.Nc3 b6 4.g3 Bb7 5.Bg2 g6 6.O-O Bg7 7.d4 cxd4 8.Qxd4 d6
9.Be3 Nbd7 10.Rfd1 Rc8 11.Rac1 O-O 12.Qh4 a6 13.b3 Rc7 14.Bh3 Bxf3 15.exf3 Qa8
16.f4 b5 17.cxb5 axb5 18.Nxb5 Rxc1 19.Rxc1 e6 20.a4 Qd5 21.f5 Ne5 22.Bg2 Qxb3
23.fxe6 fxe6 24.Nd4 Qxa4 25.Nxe6 Qxh4 26.gxh4 Re8 27.Nxg7 Kxg7 28.Rc7+ Ned7
29.Rc6 Ne5 30.Rc7+ Ned7 31.Bh3 Re7 32.Bg5 Kf7 33.Rc6 Ne5 34.Rxd6 Nf3+ 35.Kg2 Nxg5
36.hxg5 Ne4 37.Rd5 Rc7 38.Re5 Re7 39.Rd5 Rc7 40.f4 Rc2+ 41.Kf3 Rc3+ 42.Kg2 Rc2+
43.Kg1 Nc3 44.Rd7+ Ke8 45.Rxh7 Ne2+ 46.Kf1 Nxf4 47.Bg4 Kf8 48.Bf3 Ne6 49.h4 Rh2
50.Rh8+ Kg7 51.Re8  1/2-1/2

[Event "74th ch-ARM 1st League"]
[Site "Yerevan ARM"]
[Date "2013.08.30"]
[Round "9.4"]
[White "Petrosyan,M"]
[Black "Dilanian,G"]
[Result "1-0"]
[WhiteElo "2312"]
[BlackElo "2281"]

1.Nf3 Nf6 2.c4 e6 3.Nc3 c5 4.g3 b6 5.Bg2 Bb7 6.O-O Be7 7.d4 cxd4 8.Qxd4 O-O
9.Rd1 Nc6 10.Qf4 Qb8 11.Qxb8 Raxb8 12.Bf4 Rbd8 13.Nd4 d5 14.Ndb5 a6 15.cxd5 exd5
16.Nc7 d4 17.N3d5 Nxd5 18.Nxd5 Bc5 19.Bc7 Rde8 20.Nxb6 Bxb6 21.Bxb6 Rxe2
22.Bxd4 Nxd4 23.Bxb7 Rxb2 24.Bxa6 Ne2+ 25.Bxe2 Rxe2 26.a4 g6 27.a5 Re6 28.Rd5 Ra8
29.Kg2 Kg7 30.g4 h6 31.h4 Raa6 32.Ra2 Re4 33.f3 Rb4 34.Ra3 Kf6 35.h5 Ke6
36.Rc5 Kd6 37.Rc1 gxh5 38.Rh1 Ke7 39.Rxh5 Kf8 40.Rf5 Kg7 41.Kf2 Kg6 42.Ke3 Rb1
43.Kd4 Rb4+ 44.Kc5 Rb1 45.Rf4 Kg5 46.Rxf7 Kh4 47.Rf4 Kg3 48.Rb4 Rc1+ 49.Kb5 Rac6
50.Ka4 R6c5 51.a6 Rc6 52.Ka5 Rc7 53.Rab3 Re7 54.Re4 Ra1+ 55.Kb6 Rf7 56.Re6 Rf8
57.Rc3 Rb1+ 58.Kc7 Rf7+ 59.Kc8 Rf8+ 60.Kd7 Rf7+ 61.Re7 Rf6 62.a7 Ra1 63.Kc8 Rfa6
64.Kb8 Rb6+ 65.Rb7 Rba6 66.Rcb3 R6a5 67.Rg7 R1a2 68.Rb6 Kxf3 69.Rxh6 Rb5+
70.Ka8 Re2 71.Rf6+ Kg3 72.Rf8 Ra5 73.Rfg8 Ra6 74.Kb7 Ra1 75.a8=Q  1-0

[Event "Petersburg Summer Rapid 2013"]
[Site "St Petersburg RUS"]
[Date "2013.09.01"]
[Round "8.4"]
[White "Matlakov,M"]
[Black "Makarov,M"]
[Result "1/2-1/2"]
[WhiteElo "2676"]
[BlackElo "2512"]

1.Nf3 c5 2.c4 Nf6 3.Nc3 b6 4.e3 Bb7 5.d4 cxd4 6.exd4 e6 7.Bd3 d6 8.O-O Be7
9.a3 O-O 10.b4 Nbd7 11.h3 Re8 12.Re1 Bf8 13.Bf4 a6 14.Bh2 Rc8 15.Rc1 g6 16.Bf1 Nh5
17.Nd2 Ng7 18.g4 f5 19.Bg2 Bxg2 20.Kxg2 Nf6 21.Qe2 Ra8 22.Qd1  1/2-1/2

[Event "78th ch-ESP 2013"]
[Site "Linares ESP"]
[Date "2013.09.02"]
[Round "5.9"]
[White "Alvarado Diaz,A"]
[Black "Perez Mitjans,O"]
[Result "1-0"]
[WhiteElo "2313"]
[BlackElo "2475"]

1.c4 Nf6 2.Nf3 g6 3.Nc3 c5 4.d3 Bg7 5.g3 O-O 6.Bg2 d5 7.cxd5 Nxd5 8.Bd2 Nc6
9.h4 Bg4 10.Qa4 h5 11.O-O Nb6 12.Qb5 Rc8 13.Be3 Nd4 14.Bxd4 cxd4 15.Ne4 Rc2
16.Rfc1 Bd7 17.Qb3 Rxc1+ 18.Rxc1 Bc6 19.Nfd2 e5 20.Qa3 Bh6 21.Rxc6 bxc6 22.Qxa7 Bxd2
23.Nxd2 Qb8 24.Qa5 Kg7 25.Bxc6 Rc8 26.Bf3 Rc2 27.b3 f5 28.Qb4 Qc7 29.a4 Ra2
30.Kh2 g5 31.hxg5 h4 32.a5 hxg3+ 33.fxg3 Nc8 34.Nc4 e4 35.dxe4 fxe4 36.Bg4 Qf7
37.Kg2 Qd5 38.Bxc8 e3+ 39.Kh3 Qh1+ 40.Kg4 Qe4+ 41.Kh3 Ra1 42.Qb7+ Qxb7 43.Bxb7 d3
44.Bf3 d2 45.Nxe3 Rxa5 46.Nd1 Rxg5 47.Kg2 Rb5 48.Kf2 Rxb3 49.e3 Ra3 50.Ke2 Ra2
51.Bd5 Rc2 52.Bb3 Rc6 53.Nf2 Rg6 54.g4 Rd6 55.Bd1 Kh6 56.Ne4 Rd8 57.Nxd2 Kg5
58.Ke1 Kh4 59.Bf3 Rc8 60.Ke2 Rc3 61.Ne4 Ra3 62.Nd6 Ra2+ 63.Kd3 Kg3 64.Bd1 Ra1
65.Nf5+ Kf2 66.Kd2 Ra2+ 67.Bc2 Ra8 68.Nd4 Re8 69.e4 Kg3 70.g5 Kf4 71.g6 Rd8
72.Kc3 Rc8+ 73.Kd3 Ke5 74.Bb3 Kf6 75.Bf7 Rc1 76.Nf3 Kg7 77.e5 Rf1 78.Nd4 Rd1+
79.Ke4 Re1+ 80.Kf5 Rd1 81.Ne6+ Kh6 82.Kf6 Rf1+ 83.Ke7 Rd1 84.g7 Rd5 85.g8=R  1-0

[Event "TCh-ROU 2013"]
[Site "Mamaia ROU"]
[Date "2013.09.04"]
[Round "5.3"]
[White "Lupulescu,C"]
[Black "Ionescu,D"]
[Result "1-0"]
[WhiteElo "2634"]
[BlackElo "2330"]

1.Nf3 Nf6 2.c4 c5 3.Nc3 g6 4.d4 cxd4 5.Nxd4 Bg7 6.e4 Nc6 7.Be3 O-O 8.Be2 b6
9.O-O Bb7 10.f3 Qb8 11.Qd2 Rd8 12.Ndb5 d6 13.Nd5 Rd7 14.Bg5 Qf8 15.Nxf6+ Bxf6
16.Bxf6 exf6 17.Rfd1 Rad8 18.Bf1 Qe7 19.Qf2 Qe6 20.Rd5 a6 21.b3 Ne7 22.Nd4  1-0

[Event "13th Zug Young Masters"]
[Site "Zug SUI"]
[Date "2013.09.04"]
[Round "9.5"]
[White "Grandadam,N"]
[Black "Kurmann,O"]
[Result "0-1"]
[WhiteElo "2309"]
[BlackElo "2421"]

1.Nf3 Nf6 2.c4 c5 3.Nc3 e6 4.d4 cxd4 5.Nxd4 a6 6.e4 Qc7 7.a3 b6 8.Be3 Bb7
9.f3 Nc6 10.Qd2 Ne5 11.b3 Rc8 12.f4 Ng6 13.e5 Ng4 14.Bg1 Be7 15.Bd3 Nxf4
16.Qxf4 Nxe5  0-1

[Event "12th Kesarovski Mem"]
[Site "Sunny Beach BUL"]
[Date "2013.09.05"]
[Round "6.18"]
[White "Collas,D"]
[Black "Atanasov,R"]
[Result "1/2-1/2"]
[WhiteElo "2396"]
[BlackElo "2160"]

1.Nf3 Nf6 2.c4 e6 3.Nc3 c5 4.g3 d5 5.cxd5 exd5 6.d4 Nc6 7.Bg2 Be7 8.O-O O-O
9.dxc5 Bxc5 10.Na4 Be7 11.Be3 Bg4 12.Rc1 Qd7 13.Nc5 Bxc5 14.Bxc5 Rfe8 15.Re1 Rad8
16.Bd4 Ne4 17.Qd3 h5 18.Red1 h4 19.Nxh4 Nxd4 20.Qxd4 Bxe2 21.Re1 Bb5 22.Nf3 b6
23.Rcd1 Bc6 24.b3 a5 25.Qb2 Qc7 26.Nd4 Qd6 27.Re3 Nc5 28.Qe2 Rxe3 29.Qxe3  1/2-1/2

[Event "15th Trieste Open"]
[Site "Trieste ITA"]
[Date "2013.09.05"]
[Round "7"]
[White "Bosiocic,Mari"]
[Black "Ulibin,M"]
[Result "0-1"]
[WhiteElo "2563"]
[BlackElo "2553"]

1.c4 c5 2.Nc3 Nf6 3.Nf3 e6 4.g3 b6 5.Bg2 Bb7 6.O-O Be7 7.Re1 d5 8.cxd5 exd5
9.d4 O-O 10.Bf4 Na6 11.dxc5 Nxc5 12.Be5 Nfe4 13.Rc1 Ne6 14.Nd4 Bf6 15.Nxe6 fxe6
16.Bxf6 Qxf6 17.Rf1 Nd6 18.Qd3 Rac8 19.e3 Rc5 20.b4 Rc4 21.a3 Rfc8 22.Nxd5 Bxd5
23.Rxc4 Nxc4 24.Bxd5 exd5 25.Qxd5+ Qf7 26.Qb5 Rf8  0-1

[Event "FSIM Sept 2013"]
[Site "Budapest HUN"]
[Date "2013.09.07"]
[Round "1.3"]
[White "Kojima,S"]
[Black "Szalanczy,E"]
[Result "1-0"]
[WhiteElo "2357"]
[BlackElo "2261"]

1.Nf3 c5 2.c4 Nf6 3.Nc3 g6 4.g3 Bg7 5.Bg2 Nc6 6.O-O O-O 7.d4 cxd4 8.Nxd4 Ng4
9.e3 d6 10.Nde2 Qa5 11.Qd5 Be6 12.Qxa5 Nxa5 13.b3 Rac8 14.Bd2 Nc6 15.Rac1 Nge5
16.Nb5 Nd3 17.Rcd1 Nb2 18.Rb1 Bf5 19.e4 Bd7 20.Be3 a6 21.Nbc3 Nd3 22.Rfd1 Nde5
23.h3 Be6 24.Rbc1 Nd7 25.Nf4 Nb4 26.a3 Nc6 27.Ncd5 Bb2 28.Rb1 Be5 29.Nxe6 fxe6
30.Nf4 Bxf4 31.Bxf4 Nc5 32.h4 e5 33.Be3 Ne6 34.Bh3 Kf7 35.Rd3 Rc7 36.Bb6 Ncd8
37.Bxe6+ Nxe6 38.Bxc7 Nxc7 39.Rf3+ Ke8 40.Rxf8+ Kxf8 41.Kg2 Ne6 42.b4 b6
43.Kf3 Ke8 44.Ke3 Kd7 45.f4 exf4+ 46.gxf4 Ng7 47.Rf1 e6 48.Rf3 Kc7 49.a4 Kc6
50.a5 Kb7 51.Kd4 Kc6 52.axb6 Kxb6 53.e5 d5 54.cxd5 exd5 55.Kxd5 Kb5 56.e6 Kxb4
57.e7 a5 58.h5 a4 59.hxg6 hxg6  1-0

[Event "Chepukaitis Mem Blitz Prelim 2013"]
[Site "St Petersburg RUS"]
[Date "2013.09.07"]
[Round "7.4"]
[White "Matlakov,M"]
[Black "Zubritskiy,A"]
[Result "1-0"]
[WhiteElo "2676"]
[BlackElo "2331"]

1.Nf3 Nf6 2.c4 c5 3.Nc3 e6 4.e4 d6 5.d4 cxd4 6.Nxd4 a6 7.g4 Qc7 8.g5 Nfd7
9.Be3 Nc6 10.h4 Nxd4 11.Qxd4 b6 12.h5 Bb7 13.O-O-O O-O-O 14.h6 Rg8 15.hxg7 Rxg7
16.Kb1 Bc6 17.Rc1 Kb8 18.f3 Qb7 19.Be2 Ne5 20.Qxb6 Qxb6 21.Bxb6 Rc8 22.Be3 Be7
23.Rh5 f6 24.gxf6 Bxf6 25.Rch1 Rcc7 26.c5 dxc5 27.Bf4 Ng6 28.Bxc7+ Rxc7 29.Rxh7 Ne7
30.Rf7 Be5 31.Rhh7 Ng6 32.Rxc7 Bxc7 33.Bxa6 Ne5 34.Be2 Ng6 35.a4 Nf4 36.Bc4 Be5
37.a5 Ng2 38.Bxe6 Ne1 39.Rf7 Nd3 40.Bd5  1-0

[Event "15th Trieste Open"]
[Site "Trieste ITA"]
[Date "2013.09.07"]
[Round "9"]
[White "Kuljasevic,D"]
[Black "Ulibin,M"]
[Result "1/2-1/2"]
[WhiteElo "2577"]
[BlackElo "2553"]

1.c4 c5 2.Nf3 Nf6 3.Nc3 e6 4.g3 b6 5.Bg2 Bb7 6.O-O Be7 7.d4 cxd4 8.Qxd4 d6
9.Bg5 a6 10.Bxf6 Bxf6 11.Qf4 O-O 12.Rfd1 Be7 13.Ne4 Bxe4 14.Qxe4 Ra7 15.Nd4 Qc8
16.b3 Bf6 17.a4 Rd8 18.e3 d5 19.cxd5 Rxd5 20.Rdc1 Qe8 21.Rc4 Rad7 22.Rac1 Bxd4
23.exd4 Rd8 24.Qf4 R5d7 25.Qe5 h6 26.h4 Qf8 27.b4 Qe8 28.b5 axb5 29.axb5 Qf8
30.h5 Qd6 31.Bf3 Qxe5 32.dxe5 Kf8 33.Kg2 Ra7 34.Rc8 Ke7 35.R1c7+ Rxc7 36.Rxc7+ Rd7
37.Rc8 Rd8 38.Rc7+ Rd7 39.Rc8 Rd8 40.Rc4 Nd7 41.Rc7 Kf8 42.Rb7 Nxe5 43.Rxb6 Rd2
44.Rb8+ Ke7 45.b6 Nd7 46.Rg8 Nxb6 47.Rxg7 Nc4 48.Rh7 Kf8 49.g4 Ne5 50.Rxh6 Rd4
51.g5 Rf4 52.Rf6 Rxf6 53.gxf6 Nd7 54.Kg3 Nxf6  1/2-1/2

[Event "Faergen Cup 2013"]
[Site "Allinge DEN"]
[Date "2013.09.08"]
[Round "2.15"]
[White "Kristjansson,Si"]
[Black "Brogaard,Lars"]
[Result "1-0"]
[WhiteElo "1912"]
[BlackElo "1567"]

1.c4 c5 2.Nc3 b6 3.Nf3 Nf6 4.g3 Bb7 5.Bg2 e6 6.d3 Be7 7.e4 d6 8.O-O O-O 9.Ne1 d5
10.e5 Ne8 11.f4 Nc7 12.Be3 Nc6 13.Bf2 Rb8 14.Nc2 Nd4 15.Nxd4 cxd4 16.Bxd4 Bc5
17.Bf2 d4 18.Ne4 h6 19.Be1 a5 20.Rb1 Na6 21.a3 Qc7 22.b4 axb4 23.axb4 Qe7  1-0

[Event "FSFMB Sept 2013"]
[Site "Budapest HUN"]
[Date "2013.09.11"]
[Round "4.4"]
[White "Gruz,J"]
[Black "Bakos,Viktor"]
[Result "1/2-1/2"]
[WhiteElo "1803"]
[BlackElo "1595"]

1.c4 c5 2.Nc3 e6 3.Nf3 Nf6 4.e4 d6 5.Be2 Nc6 6.O-O Be7 7.d4 cxd4 8.Nxd4 a6
9.Be3 O-O 10.Rc1 Bd7 11.Nxc6 Bxc6 12.f3  1/2-1/2

[Event "FSIM Sept 2013"]
[Site "Budapest HUN"]
[Date "2013.09.16"]
[Round "10.5"]
[White "Kojima,S"]
[Black "Dokuchaev,A"]
[Result "1-0"]
[WhiteElo "2357"]
[BlackElo "2239"]

1.Nf3 e6 2.c4 c5 3.Nc3 Nf6 4.g3 Be7 5.Bg2 d6 6.d4 cxd4 7.Nxd4 a6 8.b3 Qc7
9.Bb2 Nc6 10.O-O Bd7 11.Rc1 Nxd4 12.Qxd4 Bc6 13.Nd5 Qa5 14.Bc3 Qd8 15.Nxe7 Kxe7
16.Bb4 Bxg2 17.Kxg2 Qc7 18.Rfd1 Ne8 19.e4 b6 20.e5 Qc6+ 21.f3 Rd8 22.exd6+ Kd7
23.a4 Rb8 24.Qh4 f6 25.Re1 g6 26.Re2 h5 27.Rce1 g5 28.Qd4 e5 29.Qd3 Rb7 30.Qf5+ Kd8
31.c5 a5 32.Bd2 Qxc5 33.Rc1 Qxd6 34.Qc8+  1-0

[Event "TCh-CRO Ia Liga 2013"]
[Site "Bol CRO"]
[Date "2013.09.18"]
[Round "5.3"]
[White "Medak,B"]
[Black "Rogulj,B"]
[Result "1/2-1/2"]
[WhiteElo "2397"]
[BlackElo "2405"]

1.c4 c5 2.Nf3 Nf6 3.Nc3 d5 4.d4 cxd4 5.Nxd5 Nxd5 6.cxd5 Qxd5 7.Qxd4 Qxd4
8.Nxd4 Bd7 9.e4 Nc6 10.Be3 e5 11.Nxc6 Bxc6 12.f3 O-O-O 13.Bc4 Bb4+ 14.Ke2 f6
15.a3 Ba5 16.Rac1 Kb8 17.h4 Bb6 18.Bxb6 axb6 19.Rcd1 Kc7 20.g4 h6 21.Ke3 Rxd1
22.Rxd1 Rd8 23.Rg1 b5 24.Bd3 g5 25.Rh1 Rd6 26.hxg5 fxg5 27.Rc1 Kb6 28.b4 Rd8
29.Rc5 Re8 30.Be2 Re7 31.Rc3 Re8 32.Rc5 Re7 33.Rc3  1/2-1/2

[Event "Baku Open 2013"]
[Site "Baku AZE"]
[Date "2013.09.19"]
[Round "1.27"]
[White "Artemiev,V"]
[Black "Mikheev,S"]
[Result "1/2-1/2"]
[WhiteElo "2560"]
[BlackElo "2259"]

1.Nf3 Nf6 2.c4 c5 3.Nc3 e6 4.g3 b6 5.Bg2 Bb7 6.O-O Be7 7.d4 cxd4 8.Qxd4 d6
9.Rd1 a6 10.Bg5 Nbd7 11.Qd2 O-O 12.Bf4 Ne8 13.Rac1 Qc7 14.e4 Rd8 15.Qe2 Ne5
16.Nxe5 dxe5 17.Rxd8 Bxd8 18.Be3 Nd6 19.b3 Qc6 20.f3 Be7 21.Na4 Nc8 22.Nb2 Rd8
23.Nd3 f6 24.Bf1 Ba3 25.Rc2 a5 26.Qf2 Ba6 27.Rd2 Rd7 28.Nb2 Rd6 29.Na4 Rxd2
30.Qxd2 Be7 31.Kf2 Kf7 32.Qd3 Ke8 33.h4 Bd8 34.h5 Nd6 35.Qc3 b5 36.cxb5 Bxb5
37.Qxc6+ Bxc6 38.Nc5 Kf7 39.Nd3 Nb5 40.Nb2 Nd4 41.Nc4 Bc7 42.Bd3 g6 43.hxg6+ hxg6
44.Bd2 a4 45.b4 Ke7 46.Be3 g5 47.a3 Nb5 48.Bc2 Nd4 49.Bd1 Nb3 50.g4 Bd6 51.Ke2 Bb5
52.Kd3 Nd4 53.Kc3 Kd7 54.Bxd4 exd4+ 55.Kxd4 Kc6 56.e5 Be7 57.Nb2 fxe5+ 58.Kxe5 Bxb4
59.Nxa4 Bxa3 60.Kxe6 Bxa4  1/2-1/2